00917nam a2200217 a 450000100100000000500170001000800410002704000250006808200150009324500670010824600410017526000570021630000200027349000410029350000480033450500250038283000480040795201130045595201140056899900170068200003663920200930075839.0120123s1995 sp 000 0 spa d aDO-SdBNPbspacBNPHU axxxxbP94400aPrevisiones del turismo mundial hasta el año 2000 y despues.00aEl turismo hasta el 2000 y después aMadrid :bOrganización Mundial del Turismo,c1995. a85 p. ;c31 cm.1 aEstudios de previsión por regiones0 aSerie sobre previsiones del turismo mundial0 gv. 3tLas Américas 0aEstudios de previsión por regiones962931 001050718MOaPDbPDcCTd2012-01-23iLF1l0oxxxx P944p36639-10r2020-06-25w2020-06-25y1ZNo se presta 0010507-18MOaGRbGRcOId2012-01-23iLF1l0oxxxx P944p36640-10r2020-06-25w2020-06-25y1ZNo se presta c36130d36130